[Event "Mechanics' Fall TNM; G/2 d5"]
[Site "San Francisco"]
[Date "2017.11.28"]
[Round "6.37"]
[White "Casares Jr, Nick"]
[Black "Wantz, Brian"]
[Result "0-1"]
[WhiteElo "1600"]
[BlackElo "1292"]
[Annotator "Donaldson"]
[PlyCount "94"]
[EventDate "2017.??.??"]

1. e4 e5 2. Nf3 Nc6 3. Bc4 Bc5 4. b4 Bxb4 5. c3 Bc5 6. d4 exd4 7. Qb3 Kf8 8.
Bxf7 h6 9. Bg6 Qf6 10. Nh4 Ne5 11. Qd5 Nd3+ 12. Kd2 Ne7 13. Qh5 dxc3+ 14. Nxc3
Qd6 15. Nd5 Nf4 16. Qf3 Nexd5 17. exd5 Qxd5+ 18. Qxd5 Nxd5 19. Re1 Bb4+ 20. Kd1
Bxe1 21. Kxe1 d6 22. Be4 Ne7 23. Ba3 Kf7 24. Rc1 c5 25. Rd1 Ke6 26. f4 Kd7 27.
Bxc5 d5 28. Bxe7 Kxe7 29. Rxd5 (29. Ng6+) 29... Kf6 30. Rd6+ Be6 31. Bd5 Rhe8
32. f5 Kg5 33. fxe6 Kxh4 34. Rd7 Rad8 35. g3+ Kh3 36. Kf2 Rxd7 37. exd7 Rd8 38.
Kg1 (38. Be6+ Kxh2) 38... Kg4 39. Be6+ Kg5 40. h4+ Kf6 41. Bh3 Ke7 42. Kf2 Rxd7
43. Bxd7 Kxd7 44. Ke3 Ke6 45. h5 Kf5 46. Kf3 b5 47. g4+ Kg5 0-1

[Event "Mechanics' Spring TNM; G/2"]
[Site "San Francisco"]
[Date "2017.03.14"]
[Round "1.4"]
[White "Casares Jr, Nick"]
[Black "Wong, Russell"]
[Result "0-1"]
[WhiteElo "1600"]
[BlackElo "2201"]
[PlyCount "54"]
[EventDate "2017.??.??"]

1. e4 Nf6 2. e5 Nd5 3. c4 Nb6 4. d4 d6 5. f4 dxe5 6. fxe5 Nc6 7. Be3 Bf5 8. Bd3
$2 Bxd3 9. Qxd3 {Diagram [#]} Nxe5 $1 10. Qc2 Nexc4 11. Bf2 e6 12. b3 Bb4+ 13.
Nc3 Na3 14. Qb2 Nd5 15. Nge2 Nb5 16. Rc1 Nbxc3 17. O-O Nxe2+ 18. Qxe2 c6 19.
Qg4 O-O 20. Qh3 Be7 21. Bg3 Bg5 22. Rce1 Ne3 23. Rf3 Nf5 24. Be5 Bf6 25. Bxf6
Qxf6 26. Re5 Rad8 27. Qg4 Rxd4 0-1

[Event "Mechanics' Winter TNM; G/2"]
[Site "San Francisco"]
[Date "2017.01.03"]
[Round "1.4"]
[White "Casares Jr., Nick"]
[Black "Doyle, Bryon"]
[Result "0-1"]
[WhiteElo "1600"]
[BlackElo "2203"]
[PlyCount "66"]
[EventDate "2017.??.??"]

1. e4 e5 2. Nf3 Nc6 3. Bc4 Nf6 4. Ng5 d5 5. exd5 Na5 6. Bb5+ c6 7. dxc6 bxc6 8.
Be2 h6 9. Nf3 e4 10. Ne5 Bc5 11. c3 Bd6 12. f4 Qc7 13. b4 Nb7 14. d4 exd3 15.
Nxd3 O-O 16. O-O c5 17. Na3 cxb4 18. cxb4 Bf5 19. Kh1 Rad8 20. Nb5 Qb6 21. Nxd6
Rxd6 22. Qb3 Ne4 23. Rf3 Bg4 24. Be3 Qd8 25. Ne5 Be6 26. Bc4 Bxc4 27. Nxc4 Rd3
28. Qc2 Qd5 29. Rc1 Rc3 30. Qe2 Rxc1+ 31. Bxc1 Rc8 32. f5 Qxc4 33. Rd3 Qxc1+
0-1

[Event "Mechanics' Winter TNM; G/2"]
[Site "San Francisco"]
[Date "2017.01.17"]
[Round "3.18"]
[White "Casares Jr., Nick"]
[Black "Kim, Isaiah"]
[Result "0-1"]
[WhiteElo "1600"]
[BlackElo "1999"]
[PlyCount "50"]
[EventDate "2017.??.??"]

1. e4 c6 2. d4 d5 3. exd5 cxd5 4. c4 Nf6 5. c5 g6 6. b4 Bg7 7. Nf3 O-O 8. Bb2
Bg4 9. Be2 Nh5 10. Ne5 Bxe2 11. Qxe2 Nf4 12. Qf3 Ne6 13. Nd2 Nc6 14. Nxc6 bxc6
15. Qe3 Qb8 16. a3 a5 17. O-O axb4 18. Nf3 bxa3 19. Rxa3 Qxb2 20. Rb3 Qc2 21.
Rb7 Rfb8 22. Rb6 Rxb6 23. cxb6 Qb2 24. Ne5 Bxe5 25. Qxe5 Qxb6 0-1

[Event "Mechanics' Winter TNM; G/2"]
[Site "San Francisco"]
[Date "2017.01.31"]
[Round "5.23"]
[White "Casares Jr., Nick"]
[Black "Mays, Jerry"]
[Result "1/2-1/2"]
[WhiteElo "1600"]
[BlackElo "1804"]
[Annotator "Donaldson"]
[PlyCount "35"]
[EventDate "2017.??.??"]

1. e4 e5 2. Nf3 Nf6 3. d4 Nxe4 4. dxe5 d5 5. exd6 Bxd6 6. Qd4 O-O 7. Be3 Re8 8.
Nc3 Nc6 9. Qd1 Bg4 10. Nxe4 Rxe4 11. Bd3 Rxe3+ 12. fxe3 Qf6 13. O-O Qh6 14. Qe1
Bxf3 15. Rxf3 Qxh2+ (15... Ne5) 16. Kf1 Qh1+ 17. Kf2 Qh4+ 18. Kf1 1/2-1/2

[Event "Mechanics' Winter TNM; G/2"]
[Site "San Francisco"]
[Date "2017.02.07"]
[Round "6.24"]
[White "Casares Jr., Nick"]
[Black "Poling, Scott E"]
[Result "0-1"]
[WhiteElo "1600"]
[BlackElo "1864"]
[PlyCount "66"]
[EventDate "2017.??.??"]

1. e4 c5 2. Nf3 e6 3. d4 cxd4 4. Nxd4 a6 5. c4 Nc6 6. Be3 Nf6 7. Nc3 Bb4 8. Rc1
$2 Nxe4 9. Qg4 Nxc3 10. bxc3 Bf8 11. g3 Ne5 12. Qe2 Qc7 13. Bf4 Bd6 14. Bxe5
Bxe5 15. Bg2 O-O 16. O-O d6 17. f4 Bf6 18. Kh1 Bd7 19. Rb1 Rab8 20. Bh3 Rfc8
21. Rfe1 Qxc4 22. Qg4 Bxd4 23. f5 Bc6+ 24. Bg2 Bxg2+ 25. Kxg2 Qd5+ 26. Kh3 Bxc3
27. Rf1 Bf6 28. Rbd1 Qxa2 29. fxe6 Qxe6 30. Rf5 g6 31. Rdf1 Rc4 32. R1f4 Rxf4
33. gxf4 Qxf5 0-1

[Event "Mechanics' Fall TNM; G/2 d5"]
[Site "San Francisco"]
[Date "2017.11.28"]
[Round "6.46"]
[White "Cendejas, Jon"]
[Black "Lama, Tony"]
[Result "0-1"]
[WhiteElo "407"]
[BlackElo "1802"]
[PlyCount "44"]
[EventDate "2017.??.??"]

1. e4 e6 2. d4 d5 3. exd5 exd5 4. Nc3 Nf6 5. Bf4 Bb4 6. Qd3 O-O 7. O-O-O c6 8.
Qg3 Nh5 9. Qf3 Nxf4 10. Qxf4 Bxc3 11. bxc3 Qa5 12. Qe3 Qxa2 13. Re1 Bf5 14. Bd3
Bxd3 15. cxd3 Nd7 16. Nf3 Nf6 17. Qe5 Ng4 18. Qf5 Nxf2 19. Rhf1 g6 20. Qd7
Nxd3+ 21. Kd1 Nxe1 22. Rxe1 Qxg2 0-1

[Event "Mechanics' Fall TNM; G/2 d5"]
[Site "San Francisco"]
[Date "2017.10.31"]
[Round "2.42"]
[White "Cendejas, Jon Rodo"]
[Black "Buggs, Bertram"]
[Result "0-1"]
[WhiteElo "407"]
[BlackElo "1400"]
[PlyCount "40"]
[EventDate "2017.??.??"]

1. e4 e6 2. d4 d5 3. exd5 exd5 4. Nc3 c6 5. Bf4 Nf6 6. Qf3 Bg4 7. Qg3 Bb4 8.
Bc7 Qe7+ 9. Be5 O-O 10. Be2 Bxe2 11. Ngxe2 Re8 12. O-O Nbd7 13. Bd6 $4 Bxd6 14.
Nf4 Bxf4 15. Qxf4 Nf8 16. Rae1 Qxe1 17. g3 Qe6 18. Qc1 Qh3 19. f3 Re7 20. Kf2
Qxh2# 0-1

[Event "Mechanics' Fall TNM; G/2 d5"]
[Site "San Francisco"]
[Date "2017.10.24"]
[Round "1.38"]
[White "Cendejas, Jon Rodo"]
[Black "Sherwood, Peter"]
[Result "0-1"]
[WhiteElo "407"]
[BlackElo "1678"]
[Annotator "Sherwood"]
[PlyCount "78"]
[EventDate "2017.??.??"]

1. e4 c5 2. Bb5 Nc6 3. Nf3 a6 4. Bxc6 bxc6 5. e5 e6 6. d3 Ne7 7. Bg5 Qb6 8. O-O
Ng6 9. Be3 Qxb2 10. Nbd2 Qb8 11. d4 cxd4 12. Bxd4 Be7 13. Nc4 O-O 14. Rb1 Qc7
15. Qe1 (15. Bb6 Qb8 16. Bd4 $11) 15... c5 16. Qa5 $2 Qxa5 17. Nxa5 cxd4 18. h4
d6 (18... Nxh4 19. Nxd4) 19. h5 $6 Nxe5 20. Nxe5 dxe5 21. Nc6 Bf6 22. Rb8 Bd7
23. Rxa8 Rxa8 24. Na5 g6 25. h6 Rb8 $6 (25... Rc8) 26. g3 Kf8 27. g4 Rb2 28.
Nc4 Rxc2 29. Nd6 Bc6 30. f4 Rg2+ 31. Kh1 Rxa2+ (31... d3) 32. Kg1 Rg2+ 33. Kh1
Rf2+ 34. Kg1 Rxf1+ 35. Kxf1 exf4 36. Ke2 Be5 37. g5 Bxd6 38. Kd3 f3 39. Kd2
Bb4+ 0-1

[Event "Mechanics' Peter Grey TNM; G/2 d5"]
[Site "San Francisco"]
[Date "2017.08.08"]
[Round "1.30"]
[White "Cendejas, Juan"]
[Black "Baterdene, Jonathan"]
[Result "1-0"]
[WhiteElo "1741"]
[BlackElo "1152"]
[PlyCount "35"]
[EventDate "2017.??.??"]

1. e4 e5 2. f4 Nc6 3. Nf3 d6 4. Bc4 Nf6 5. Nc3 Be6 6. Bxe6 fxe6 7. O-O exf4 8.
d4 d5 9. e5 Nd7 10. Bxf4 Bb4 11. Ng5 Qe7 12. Nb5 O-O 13. Qg4 h6 14. Nxe6 Rf7
15. Bxh6 Kh7 16. Bg5 Qe8 17. Nbxc7 Qc8 18. Qh5+ 1-0

[Event "Mechanics' Fall TNM; G/2 d5"]
[Site "San Francisco"]
[Date "2017.11.28"]
[Round "6.51"]
[White "Cendejas, Juan"]
[Black "Donaldson, John"]
[Result "0-1"]
[WhiteElo "1688"]
[BlackElo "1417"]
[Annotator "Donaldson"]
[PlyCount "59"]
[EventDate "2017.??.??"]

1. e4 c5 2. b4 cxb4 3. d4 (3. Nf3 {
might be the best way to handle the Wing Gambit.}) 3... d5 4. e5 (4. exd5 Nf6 {
is fine for Black.}) 4... Nc6 5. a3 Qb6 $1 6. Be3 Bf5 7. Bd3 Bxd3 8. Qxd3 e6 (
8... bxa3 $1 9. Nxa3 e6 10. Ne2 (10. c3 Bxa3 11. Rxa3 Qb2) 10... Bxa3 11. Rxa3
(11. Qxa3 Qb4+) 11... Nge7 12. O-O O-O {
and White doesn't have enough for the pawn - Kotronias.}) 9. axb4 $2 (9. Ne2
Nge7 10. O-O Nf5 11. axb4 Bxb4 12. c3 Be7 13. Nd2 O-O 14. Nf4 {as been played
over a dozen times by the Hungarian Wing Gambit afficionado Ferenc Frink , but
objectively White doesn't have full compensation for the pawn.}) 9... Nxb4 (
9... Nxb4) 10. Qb3 Rc8 11. Na3 Nxc2+ 12. Qxc2 Rxc2 13. Nxc2 Bb4+ 14. Bd2 Bxd2+
15. Kxd2 Ne7 16. Ne2 Nc6 17. Rhb1 Qc7 18. Nc3 a6 19. f4 O-O 20. Na4 b5 21. Nc5
Nxd4 22. Nxd4 Qxc5 23. Ne2 Rc8 24. Rb2 Qb6 25. Kd3 h6 26. Nd4 Rc4 27. Ne2 b4
28. Rba2 Qb5 29. Kd2 b3 30. Rb2 0-1

[Event "Mechanics' Peter Grey TNM; G/2 d5"]
[Site "San Francisco"]
[Date "2017.10.03"]
[Round "9.27"]
[White "Cendejas, Juan"]
[Black "Enkh, Tergelsar"]
[Result "1-0"]
[WhiteElo "1741"]
[BlackElo "1404"]
[PlyCount "65"]
[EventDate "2017.??.??"]

1. e4 e5 2. f4 d6 3. Bc4 Nc6 4. Nf3 Nf6 5. Nc3 Be7 6. O-O O-O 7. h3 a6 8. d4
exd4 9. Nxd4 Nxd4 10. Qxd4 Be6 11. Bd3 c6 12. f5 Bd7 13. g4 c5 14. Qe3 h6 15.
Rf2 Bc6 16. Rg2 Nh7 17. Bd2 Re8 18. Rf1 Bg5 19. Qg3 Bxd2 20. Rxd2 Nf6 21. Re2
b5 22. e5 dxe5 23. Be4 Bxe4 24. Nxe4 Nxe4 25. Rxe4 f6 26. h4 Qd7 27. Rf2 Qd5
28. Re3 Qxa2 29. g5 hxg5 30. hxg5 Qf7 31. g6 Qd5 32. Rd3 Qe4 33. Qh3 1-0

[Event "Mechanics' Peter Grey TNM; G/2 d5"]
[Site "San Francisco"]
[Date "2017.09.19"]
[Round "7.14"]
[White "Cendejas, Juan"]
[Black "Gray, William"]
[Result "0-1"]
[WhiteElo "1741"]
[BlackElo "1974"]
[PlyCount "32"]
[EventDate "2017.??.??"]

1. e4 c5 2. b4 cxb4 3. d4 d5 4. e5 Nc6 5. Bb2 Bf5 6. Bd3 Nh6 7. h3 e6 8. Nf3
Be7 9. O-O O-O 10. g4 Bxd3 11. Qxd3 f5 12. exf6 Bxf6 13. Qe3 Nf7 14. Qxe6 Re8
15. Qf5 Re4 16. c4 Ne7 0-1

[Event "Mechanics' Fall TNM; G/2 d5"]
[Site "San Francisco"]
[Date "2017.11.21"]
[Round "5.12"]
[White "Cendejas, Juan"]
[Black "Gray, William"]
[Result "0-1"]
[WhiteElo "1688"]
[BlackElo "1983"]
[PlyCount "62"]
[EventDate "2017.??.??"]

1. e4 c5 2. b4 cxb4 3. d4 d5 4. e5 Nc6 5. a3 Qb6 6. Be3 Bf5 7. Bd3 Bxd3 8. Qxd3
e6 9. Ne2 Rc8 10. O-O Nge7 11. Rc1 Nf5 12. axb4 Bxb4 13. c3 Be7 14. Bd2 O-O 15.
g4 Nh4 16. Be3 f5 17. Nf4 fxg4 18. Nd2 Nd8 19. h3 gxh3 20. Nxh3 Qc6 21. f4 Qe8
22. Kh2 Qh5 23. Rxa7 Qf5 24. Qe2 Rc7 25. c4 Bb4 26. Nb3 Rxc4 27. Rxc4 dxc4 28.
Qxc4 Qe4 29. Qe2 Nf5 30. d5 exd5 31. Ra4 Nc6 0-1

[Event "Mechanics' Fall TNM; G/2 d5"]
[Site "San Francisco"]
[Date "2017.10.24"]
[Round "1.37"]
[White "Cendejas, Juan"]
[Black "Orgilmunkh II, Tselmeg"]
[Result "1-0"]
[WhiteElo "1688"]
[BlackElo "442"]
[PlyCount "33"]
[EventDate "2017.??.??"]

1. e4 e5 2. f4 Nc6 3. Nf3 Nf6 4. Nc3 Bc5 5. fxe5 Ng8 6. d4 Bxd4 7. Nxd4 Nxd4 8.
Qxd4 Ne7 9. Bc4 d5 10. exd5 Nc6 11. Qf4 Rf8 12. O-O Ne7 13. d6 Ng6 14. Bxf7+
Kd7 15. e6+ Kc6 16. Qc4+ Kb6 17. Qb5# 1-0

[Event "Mechanics' Fall TNM; G/2 d5"]
[Site "San Francisco"]
[Date "2017.12.19"]
[Round "9.19"]
[White "Cendejas, Juan"]
[Black "Schneider, Stephen"]
[Result "1-0"]
[WhiteElo "1688"]
[BlackElo "1402"]
[Annotator "Donaldson"]
[PlyCount "113"]
[EventDate "2017.??.??"]

1. e4 c5 2. b4 e5 3. Nf3 d6 4. Bc4 Nc6 5. b5 Nd4 6. c3 Ne6 7. O-O Nf6 8. Re1
Be7 9. d4 cxd4 10. cxd4 exd4 11. Nxd4 Nc5 12. Nc3 O-O 13. Bb2 Ng4 14. h3 Ne5
15. Bd5 Ncd3 16. Re2 a6 17. a4 Bh4 18. Nf5 Bxf5 19. exf5 Qg5 (19... Bxf2+ 20.
Rxf2 Qb6 21. Qe2 Nxf2 22. Qxf2 Qxf2+ 23. Kxf2 Nd3+ 24. Ke3 Nxb2 25. Ra2 axb5
26. Rxb2 bxa4 27. Rxb7 a3 28. g4 $11) 20. Bxb7 Qxf5 21. Rxe5 dxe5 22. Bxa8 Rxa8
23. Qe2 Bxf2+ 24. Kh1 axb5 25. Rf1 bxa4 26. Ba3 Rd8 27. Ne4 $2 (27. Nd1 $11)
27... Nf4 28. Rxf2 Nxe2 29. Rxf5 {Diagram [#]} Rd1+ $2 (29... Rd4 $1 30. Rxe5
Rxe4 $19) 30. Kh2 f6 31. Rf2 Nd4 32. Ra2 Nb3 33. Nc3 Rd4 34. Rb2 Nd2 35. Nb5
Rd3 36. Nd6 h6 37. Bb4 Nb3 (37... Rb3 $11) 38. Ra2 g5 $2 39. Rxa4 Kg7 40. Ra7+
Kg6 41. Ra8 Rd4 42. Ba3 e4 43. Re8 Ra4 44. Bb2 Nd2 45. Rg8+ Kh7 46. Rf8 Kg7 47.
Rxf6 Kh7 48. Nf5 Nc4 49. Rxh6+ Kg8 50. Bd4 Ra5 51. Rg6+ Kf7 52. Rxg5 Ra6 53.
Rg7+ Ke8 54. Re7+ Kd8 55. Rxe4 Nd2 56. Re2 Nf1+ 57. Kg1 1-0

[Event "Mechanics' Peter Grey TNM; G/2 d5"]
[Site "San Francisco"]
[Date "2017.08.22"]
[Round "3.32"]
[White "Cendejas, Juan"]
[Black "Torres, Julian"]
[Result "0-1"]
[WhiteElo "1741"]
[BlackElo "1311"]
[PlyCount "49"]
[EventDate "2017.??.??"]

1. e4 e6 2. d4 d5 3. exd5 exd5 4. Bd3 Bd6 5. Nf3 Ne7 6. O-O O-O 7. Bxh7+ $4
Kxh7 8. Ng5+ Kg8 9. Qh5 Bf5 10. f4 Bg6 11. Qh4 Nf5 12. Qf2 Nd7 13. c3 c5 14. g4
Qf6 15. gxf5 Bxf5 16. Be3 Rac8 17. Nd2 Qg6 18. Kh1 c4 19. Rg1 Nf6 20. h4 Ng4
21. Qf3 Qh5 22. Rg3 Rce8 23. Re1 Nf6 24. Qg2 Bxf4 25. Ne6 0-1

[Event "Mechanics' Fall TNM; G/2 d5"]
[Site "San Francisco"]
[Date "2017.11.07"]
[Round "3.11"]
[White "Cendejas, Juan"]
[Black "Traub, Igor"]
[Result "0-1"]
[WhiteElo "1688"]
[BlackElo "2162"]
[Annotator "Winslow,E"]
[PlyCount "116"]
[EventDate "2017.??.??"]

1. e4 d5 2. exd5 Nf6 3. d4 Nxd5 4. Nf3 g6 5. c4 Nb6 6. Nc3 Bg7 7. Be3 O-O 8.
Qd2 Bg4 9. Be2 Nc6 10. O-O-O Bxf3 11. gxf3 e5 12. d5 Nd4 13. Bxd4 exd4 14. Ne4
Qh4 15. Kb1 c6 16. Rdg1 cxd5 17. Rg4 Qe7 18. Ng5 Rfe8 19. Bd1 dxc4 20. h4 h5
21. Re4 Qd6 22. Rxe8+ Rxe8 23. Ne4 Qc6 24. Rg1 c3 25. Qd3 Nd5 26. Bb3 Nf4 27.
Qc4 Qxc4 28. Bxc4 Kf8 29. bxc3 dxc3 30. Kc2 a6 31. a4 Rc8 32. Bxf7 Rc6 33. Bb3
Ne2 34. Rb1 Nd4+ 35. Kc1 c2 36. Bxc2 Rxc2+ 37. Kd1 Rc7 38. Rb6 Nxf3 39. Rxg6
Kf7 40. Rg3 Nxh4 41. Rh3 Nf5 42. Rxh5 Nd4 43. Kd2 Ne6 44. Ke3 Kg6 45. Rd5 Bh6+
46. Kf3 Ng5+ 47. Nxg5 Bxg5 48. Ke4 Rc4+ 49. Ke5 Rxa4 50. Rd6+ Kh5 51. Rb6 Ra5+
52. Kd6 Bf4+ 53. Kd7 Rb5 54. Rf6 Kg5 55. Rf7 a5 56. Kc8 a4 57. Rd7 a3 58. f3 a2
0-1

[Event "Mechanics' Peter Grey TNM; G/2 d5"]
[Site "San Francisco"]
[Date "2017.09.05"]
[Round "5.21"]
[White "Cendejas, Juan"]
[Black "White, Benjamin M"]
[Result "1-0"]
[WhiteElo "1741"]
[BlackElo "1470"]
[PlyCount "31"]
[EventDate "2017.??.??"]

1. e4 e5 2. f4 exf4 3. Nf3 g5 4. Bc4 Nc6 $6 5. O-O Bc5+ $2 6. d4 Bb6 7. Kh1 d6
8. c3 Bg4 9. b4 Qd7 10. a4 a6 11. Qb3 h6 12. Nbd2 Rh7 13. Bb2 O-O-O {
Castling into the attack.} 14. a5 Ba7 15. b5 axb5 16. Bxb5 1-0

[Event "Mechanics' Peter Grey TNM; G/2 d5"]
[Site "San Francisco"]
[Date "2017.09.05"]
[Round "5.21"]
[White "Cendejas, Juan"]
[Black "White, Benjamin M"]
[Result "1-0"]
[WhiteElo "1741"]
[BlackElo "1470"]
[Annotator "Donaldson"]
[PlyCount "47"]
[EventDate "2017.??.??"]

1. e4 e5 2. f4 exf4 3. Nf3 g5 4. Bc4 Nc6 $6 5. O-O Bc5+ $2 6. d4 Bb6 7. Kh1 d6
8. c3 Bg4 9. b4 Qd7 10. a4 a6 11. Qb3 h6 12. Nbd2 Rh7 13. Bb2 O-O-O {
Castling into the attack.} 14. a5 Ba7 15. b5 axb5 16. Bxb5 d5 17. a6 f6 18.
axb7+ Kb8 19. exd5 (19. Qa4 {is even faster.}) 19... Nge7 20. dxc6 Nxc6 21. Qa4
Kxb7 22. Qa6+ Kb8 23. Bxc6 Qxc6 24. Qxc6 1-0

[Event "Mechanics' Fall TNM; G/2 d5"]
[Site "San Francisco"]
[Date "2017.10.24"]
[Round "1.35"]
[White "Chalissery, Jossy"]
[Black "Bayaraa, Timothy"]
[Result "1-0"]
[WhiteElo "1704"]
[BlackElo "945"]
[PlyCount "65"]
[EventDate "2017.??.??"]

1. b3 e5 2. Bb2 Nc6 3. e3 Nf6 4. Bb5 a6 5. Bxc6 dxc6 6. Bxe5 Qd5 7. Nf3 Bd6 8.
Bxd6 cxd6 9. c4 Qf5 10. Nc3 Qh5 11. Nd4 Qg6 12. O-O Bh3 13. Qf3 Bg4 14. Qf4 c5
15. Nf3 Nh5 16. Qe4+ Qxe4 17. Nxe4 Rd8 18. Nh4 d5 19. cxd5 Rxd5 20. f3 Bd7 21.
g4 Nf6 22. Nxf6+ gxf6 23. Rf2 Rg8 24. e4 Rdg5 25. Kf1 Bb5+ 26. Ke1 h5 27. h3
Rh8 28. Rh2 Bd3 29. Kf2 b5 30. Kg3 Rgg8 31. Ng2 Ke7 32. Nf4 Bc2 33. Rc1 1-0

[Event "Mechanics' Fall TNM; G/2 d5"]
[Site "San Francisco"]
[Date "2017.12.19"]
[Round "9.17"]
[White "Chalissery, Jossy"]
[Black "Malykin, Erika"]
[Result "1/2-1/2"]
[WhiteElo "1704"]
[BlackElo "1540"]
[PlyCount "38"]
[EventDate "2017.??.??"]

1. b3 b6 2. Bb2 Bb7 3. e3 c5 4. c4 Nf6 5. Nf3 g6 6. g3 Bg7 7. Bg2 Qc7 8. Nc3 a6
9. Qc2 Nc6 10. a3 O-O 11. Nd5 Nxd5 12. cxd5 Ne5 13. Nxe5 Bxe5 14. O-O f5 15. f4
Bxb2 16. Qxb2 Qd6 17. Qe5 Qxe5 18. fxe5 d6 19. e6 a5 1/2-1/2

[Event "Mechanics' Fall TNM; G/2 d5"]
[Site "San Francisco"]
[Date "2017.12.05"]
[Round "7.22"]
[White "Chalissery, Jossy"]
[Black "Schneider, Stephen"]
[Result "0-1"]
[WhiteElo "1704"]
[BlackElo "1402"]
[PlyCount "72"]
[EventDate "2017.??.??"]

1. b3 e5 2. Bb2 d6 3. e3 a6 4. Nf3 Nc6 5. Be2 Bf5 6. d3 h6 7. e4 Bh7 8. O-O Nf6
9. Nbd2 Nd7 10. Nc4 f5 11. exf5 Bxf5 12. Ne3 Be6 13. Nd2 d5 14. Bh5+ Bf7 15.
Bxf7+ Kxf7 16. Nxd5 Nf6 17. Nxf6 Qxf6 18. Ne4 Qg6 19. Nc5 $2 Bxc5 20. Qf3+ Ke7
21. Rae1 Bd6 22. Re4 Rhf8 23. Qe2 Rf5 24. Re1 Kd7 25. Kh1 Raf8 26. f3 h5 27. c4
Qg5 28. Bc1 Qf6 29. Be3 b6 30. Rd1 Nd4 31. Bxd4 exd4 32. Qb2 c5 33. Qa3 Rxf3
34. Rg1 Rf1 35. Re1 Rxg1+ 36. Rxg1 Qf4 0-1

[Event "Mechanics' Peter Grey TNM; G/2 d5"]
[Site "San Francisco"]
[Date "2017.08.15"]
[Round "2.35"]
[White "Chambers, Ezra Paul"]
[Black "Otterbach, Renate"]
[Result "1-0"]
[WhiteElo "1541"]
[BlackElo "1264"]
[Annotator "Donaldson"]
[PlyCount "85"]
[EventDate "2017.??.??"]

1. e4 e6 2. d4 d5 3. Nd2 c5 4. exd5 exd5 5. Ngf3 Nc6 6. Be2 (6. Bb5) 6... Nf6
7. O-O Bd6 8. dxc5 Bxc5 9. Nb3 Bb6 10. c3 Bf5 11. Nfd4 Bd7 12. Be3 O-O 13. Nxc6
Bxc6 (13... bxc6 $11) 14. Bxb6 Qxb6 15. Qd4 Nd7 $6 (15... Qc7) 16. Rfe1 Qc7 17.
Rad1 Nb6 18. Bd3 f5 $2 (18... Na4 19. Rd2 Rfe8 $14) 19. Nc5 Qf7 20. Re5 (20.
Ne6 $1 Rfe8 21. Bxf5 $18) 20... Bd7 (20... g6 21. Rde1 Rfe8 $16) 21. Rde1 Rae8
22. h3 Rxe5 23. Rxe5 Re8 24. Nxd7 Nxd7 25. Rxe8+ Qxe8 26. Qxd5+ Kh8 27. Qxf5
Qe1+ (27... Nf6 28. g4) 28. Bf1 Qe8 29. Bb5 Qe1+ 30. Kh2 Qe5+ 31. Qxe5 Nxe5 32.
f4 Nf7 33. Kg3 a6 34. Bd3 Nd6 35. f5 b5 36. Kf4 Ne8 37. Ke5 Kg8 38. c4 b4 39.
c5 a5 40. Bb5 Nc7 41. Bd7 Kf8 42. Kd6 Na8 43. Bc6 1-0

[Event "Mechanics' Peter Grey TNM; G/2 d5"]
[Site "San Francisco"]
[Date "2017.09.26"]
[Round "8.24"]
[White "Chan, John"]
[Black "Cendejas, Juan"]
[Result "1-0"]
[WhiteElo "1564"]
[BlackElo "1741"]
[PlyCount "57"]
[EventDate "2017.??.??"]

1. d4 Nf6 2. Nf3 d5 3. c3 Bf5 4. h3 e6 5. Nbd2 Bd6 6. e3 Nbd7 7. c4 c6 8. c5
Bc7 9. Be2 h6 10. a4 b6 11. b4 a5 12. b5 bxc5 13. bxc6 Nb8 14. dxc5 Nxc6 15.
Bb5 Qd7 16. Nd4 O-O 17. Bxc6 Qc8 18. Bxa8 Qxa8 19. Nxf5 exf5 20. Bb2 f4 21.
Bxf6 fxe3 22. fxe3 gxf6 23. O-O Be5 24. Rb1 Kh7 25. Qf3 Rg8 26. Qf5+ Rg6 27.
Nf3 d4 28. e4 Qe8 29. Nxe5 1-0

[Event "Mechanics' Winter TNM; G/2"]
[Site "San Francisco"]
[Date "2017.01.31"]
[Round "5.14"]
[White "Chan, John"]
[Black "Clemens, Kristian"]
[Result "1-0"]
[WhiteElo "1587"]
[BlackElo "1898"]
[PlyCount "121"]
[EventDate "2017.??.??"]

1. d4 d5 2. Nf3 Nf6 3. h3 Bf5 4. c3 Nbd7 5. Bf4 c5 6. e3 Qb6 7. Qb3 e6 8. Nbd2
Be7 9. Be2 O-O 10. a4 Qxb3 11. Nxb3 a5 12. O-O Bc2 13. Nbd2 Nb6 14. Bb5 Ne4 15.
Rfc1 Nxd2 16. Nxd2 Bg6 17. Nf3 Nc8 18. Ne5 Be4 19. Nd7 Rd8 20. Nxc5 Bxc5 21.
dxc5 Na7 22. Be2 Nc6 23. f3 Bf5 24. g4 Bg6 25. h4 e5 26. Bg3 f6 27. h5 Bf7 28.
f4 d4 29. e4 d3 30. Bd1 Bc4 31. Ra3 Kh8 32. Kf2 d2 33. Rca1 exf4 34. Bxf4 Ne5
35. Bxe5 fxe5 36. b3 Bd3 37. Ke3 Bf1 38. Be2 Bxe2 39. Kxe2 Rac8 40. b4 axb4 41.
cxb4 Rd4 42. Rd3 Rxe4+ 43. Kxd2 Rxb4 44. a5 Rxg4 45. Rb1 Rg2+ 46. Ke3 Rg3+ 47.
Ke4 Rxd3 48. Kxd3 Rxc5 49. Rxb7 Kg8 50. a6 e4+ 51. Kxe4 Rxh5 52. a7 Ra5 53.
Rb8+ Kf7 54. a8=Q Rxa8 55. Rxa8 Kf6 56. Ra5 h6 57. Kf4 Kg6 58. Kg4 Kh7 59. Ra3
Kg8 60. Kh5 Kh7 61. Ra7 1-0

[Event "Mechanics' Winter TNM; G/2"]
[Site "San Francisco"]
[Date "2017.01.24"]
[Round "4.19"]
[White "Chan, John"]
[Black "Drane, Robert W"]
[Result "1-0"]
[WhiteElo "1587"]
[BlackElo "1891"]
[PlyCount "90"]
[EventDate "2017.??.??"]

1. d4 f5 2. Nf3 Nf6 3. h3 e6 4. c3 d6 5. Bf4 Qe7 6. Nbd2 Nc6 7. e3 g6 8. Bb5
Bd7 9. Rc1 a6 10. Ba4 Bg7 11. b4 h6 12. Nh4 Qf7 13. Bh2 g5 14. Nhf3 g4 15. hxg4
fxg4 16. Nh4 Qh5 17. g3 O-O-O 18. a3 e5 19. Bc2 exd4 20. cxd4 Nd5 21. Bg6 Qg5
22. Ne4 Qe7 23. O-O Bf6 24. Nxf6 Nxf6 25. Qc2 Be8 26. Bf5+ Kb8 27. Rfe1 Bf7 28.
Bd3 d5 29. Bxa6 Na7 30. Bd3 Rde8 31. Nf5 Qd7 32. a4 Ne4 33. Bxe4 dxe4 34. Nh4
Re7 35. b5 Nc8 36. Rb1 Qd5 37. Rbc1 Nd6 38. Qc5 Qxc5 39. Rxc5 b6 40. Rc3 Rg8
41. Kg2 Bc4 42. Kg1 Bd3 43. Ng2 Nc4 44. Nf4 Nd2 45. Rec1 Re5 $4 1-0

[Event "Mechanics' Fall TNM; G/2 d5"]
[Site "San Francisco"]
[Date "2017.10.31"]
[Round "2.31"]
[White "Chan, John"]
[Black "Frank, Robert H"]
[Result "1-0"]
[WhiteElo "1647"]
[BlackElo "1293"]
[PlyCount "53"]
[EventDate "2017.??.??"]

1. d4 Nf6 2. Nf3 d5 3. h3 e6 4. c3 c5 5. e3 cxd4 6. exd4 Bd6 7. Bd3 Nbd7 8. Be3
O-O 9. Qc2 Re8 10. O-O e5 11. dxe5 Nxe5 12. Nxe5 Bxe5 13. Nd2 d4 14. Bg5 dxc3
15. bxc3 Qc7 16. Nf3 Qxc3 17. Qxc3 Bxc3 18. Rac1 Nd5 19. Rfd1 Be6 20. Be4 Nf6
21. Bxb7 Rab8 22. Bc6 Ba5 23. Bxe8 Nxe8 24. Bf4 Rb7 25. Nd4 Bxa2 26. Rc8 Kf8
27. Bd6+ 1-0

[Event "Mechanics' Summer TNM; G/2 d5"]
[Site "San Francisco"]
[Date "2017.05.30"]
[Round "2.34"]
[White "Chan, John"]
[Black "Frank, Robert H"]
[Result "1-0"]
[WhiteElo "1582"]
[BlackElo "1200"]
[PlyCount "87"]
[EventDate "2017.??.??"]

1. d4 Nf6 2. Nf3 d5 3. h3 g6 4. Bf4 Bg7 5. e3 c5 6. Be2 Nc6 7. c3 c4 8. Nbd2 b5
9. a3 O-O 10. g4 h6 11. Bg3 Nh7 12. Bf4 f6 13. Qc2 f5 14. Rg1 e6 15. Bg3 g5 16.
gxf5 exf5 17. O-O-O a5 18. Ne5 Nxe5 19. dxe5 f4 20. Bh2 Bf5 21. e4 Bxh3 22. Nf3
Be6 23. Nd4 Qe7 24. exd5 Bxd5 25. Nf5 Qxe5 26. Nxg7 Kxg7 27. Bh5 Ra6 28. Rde1
Qc7 29. Qd2 Bf7 30. Qd4+ Kg8 31. Bxf4 Qa7 32. Bxf7+ Qxf7 33. Be3 Qf5 34. f4 g4
35. Qe5 Rg6 36. Qc7 Ra6 37. Bd2 Qc8 38. Qe7 Rg6 39. Re5 Qc6 40. f5 Rgf6 41.
Rxg4+ Rg6 42. fxg6 Ng5 43. Rgxg5 hxg5 44. Qh7# 1-0